000 00682nam a2200193Ia 4500
008 210417s9999 xx 000 0 und d
020 _a9788120600966
020 _b8120600967
082 _a491.44321 CAR
082 _b22.491.44321 CAR
245 0 _aCarey's A Dictionary of the Bengali language : in which the words are traced to their origin and their various meanings given
245 0 _cCareys A Dictionary of the Bengali language in which the words are traced to their origin and their various meanings given
250 _b1544p. ; hbk
260 _aNew Delhi
260 _bAsian Educational Services
260 _c1993
700 _a"Carey, W"
700 _bW. Carey
999 _c472472
_d472472